[Event "Iceland-ch 2020"]
[Site "Gardabaer"]
[Date "2020.08.29"]
[Round "8.1"]
[White "Gretarsson, Hjorvar Steinn"]
[Black "Gretarsson, Helgi Ass"]
[Result "0-1"]
[WhiteElo "2579"]
[BlackElo "2401"]
[Annotator "TA"]
[PlyCount "70"]
[EventDate "2020.08.22"]
[EventCountry "ISL"]
[SourceTitle "playchess.com"]
[Source "ChessBase"]
[SourceQuality "1"]

{[%evp 9,70,51,57,64,63,43,64,52,38,45,65,33,37,0,13,-5,55,62,73,16,22,26,24,0,0,0,84,83,112,0,0,0,0,0,0,0,0,0,0,-67,-68,-156,-76,-170,-5,-10,0,-587,-798,-742,-767,-750,-735,-880,-878,-872,-867,-853,-845,-806,-755,-629,-739]} 1. d4 d5 2. c4 c6 3. Nf3 dxc4 4. a4 Bg4 5. Ne5 Bh5 6. Nc3 {D11: Slav Defence: 3 Nf3 sidelines and 3...Nf6 4 e3 Bg4.} Nd7 7. Nxc4 Nb6 8. Ne5 {[#] White is slightly better.} f6 $146 ({Predecessor:} 8... Nd7 9. Nd3 Ngf6 10. g3 e6 11. Nf4 Bg6 12. Bg2 Bb4 13. O-O a5 14. e4 O-O 15. Nxg6 hxg6 {1-0 (49) Roiz,M (2645)-Gleizerov,E (2573) Trieste 2010}) 9. Nf3 a5 10. g3 e5 11. dxe5 Qxd1+ 12. Kxd1 Bxf3 (12... Nd7 $11) 13. exf3 $14 fxe5 14. Be3 ({White should play} 14. Bh3 $16) 14... O-O-O+ $11 15. Kc2 Kc7 $1 16. Re1 Nf6 17. Bd2 Bb4 (17... Bd6 $11 {keeps the balance.}) 18. Rxe5 $16 Nxa4 19. Bf4 ({Only move:} 19. Rg5 $16 Nxc3 20. bxc3) 19... Nxc3 $11 20. Rg5+ Bd6 21. Rxg7+ Kb8 {aiming for ...Bxf4.} 22. bxc3 Bxf4 23. gxf4 Rd6 24. Bh3 (24. Bd3 $11) 24... Re8 $36 {[%mdl 2048] White is under pressure.} 25. Kb3 (25. Ra1 $15) 25... Re2 ({Better is} 25... Rd3 {...Nd5! is the strong threat.} 26. Bg4 Nd5 $1 {[%mdl 512]}) 26. Rb1 (26. Ra1 $17) 26... b5 $2 (26... Rd5 $1 $19 {[%cal Rd5b5] Strongly threatening ...Rb5+.} 27. Rg5 Rxf2) 27. Rf7 $1 $11 Rxf2 28. Re1 $2 {[%mdl 8192] [#]} (28. Bf5 $11) 28... Rdd2 $1 $19 {[%cal Rd2b2] Black is clearly winning.} 29. Be6 {[#]} Ra2 $1 {[%csl Ga2][%cal Rf2b2]} 30. c4 b4 {[%csl Ga2][%cal Rf2b2]} 31. c5 Rfd2 32. Rc1 Nd5 33. Rf8+ Kc7 34. Rf7+ Kd8 {( -> ...Ra3+)} 35. Rd7+ {[#]} Ke8 $1 {[%mdl 512] Accuracy: White = 65%, Black = 78%.} 0-1

[Event "Iceland-ch 2020"]
[Site "Gardabaer"]
[Date "2020.08.29"]
[Round "8.2"]
[White "Thorfinnsson, Bragi"]
[Black "Petursson, Margeir"]
[Result "1/2-1/2"]
[WhiteElo "2427"]
[BlackElo "2475"]
[Annotator "TA"]
[PlyCount "90"]
[EventDate "2020.08.22"]
[EventCountry "ISL"]
[SourceTitle "playchess.com"]
[Source "ChessBase"]
[SourceQuality "1"]

{[%evp 18,90,-17,-25,-33,-39,-19,-79,-71,-80,-81,-72,-74,-97,-91,-107,-79,-137,-106,-120,-122,-105,-70,-106,-99,-107,-110,-121,-127,-129,-129,-111,-89,-89,-76,-133,-107,-116,-94,-195,-104,-108,-100,-110,-101,-107,-97,-246,-240,-335,-312,-255,-310,-324,-317,-302,-248,-270,-270,-270,-12,-10,-4,-6,0,0,0,0,0,0,0,0,0,0,0]} 1. e4 c5 2. Nc3 g6 3. f4 Bg7 4. Nf3 Nc6 5. Bb5 Nd4 6. a4 a6 7. Bd3 d6 8. Nxd4 cxd4 9. Ne2 Nf6 10. O-O O-O {B23: Closed Sicilian: Lines without g3.} 11. Qe1 e5 {[#]} 12. fxe5 $146 (12. b3 $1 $11 {keeps the balance.}) ({Predecessor:} 12. c3 Qc7 13. Kh1 Bg4 14. Ng1 exf4 15. cxd4 Nh5 16. Qh4 Qd7 17. Be2 f5 18. exf5 Bxe2 19. Nxe2 Rxf5 {½-½ (26) Waddington,M (2110)-Burke,M (1988) Hull 2018}) 12... dxe5 $17 {Black is better.} 13. b3 Be6 14. Ba3 Re8 15. Ng3 Rc8 16. Qe2 h5 17. Qf3 (17. Nh1 $142) 17... Nh7 18. h3 h4 19. Nh1 Qg5 20. Bc1 Qe7 21. Nf2 Nf6 22. Ba3 Qd7 23. Nd1 Nh5 $1 24. Nb2 b5 25. axb5 axb5 26. Bb4 (26. Nd1 $142) 26... Ng3 27. Rfe1 f5 28. Ra6 (28. Nd1 $17) 28... fxe4 (28... Qb7 $19 29. Rd6 Bf8 30. exf5 Qxf3 31. gxf3 Nxf5 {[%mdl 64] Pin} 32. Rxe6 Rxe6 33. Bxf8 Kxf8) 29. Bxe4 Nxe4 30. Qxe4 Bf5 31. Qxh4 Rxc2 32. Nd1 {[#]} (32. Rd6 $17 {was worth a try.} Qf7 33. g4) 32... Rc1 $1 $19 33. Nb2 Rxe1+ 34. Qxe1 e4 35. g4 {[#]} Bxg4 $1 {[%mdl 512]} 36. Rxg6 (36. hxg4 Qxg4+) 36... Bxh3 37. Qg3 Re6 38. Rg5 {[#]} Rh6 $2 ({Black should play} 38... Rf6 $1 $19 39. Kh2 Rh6) 39. Nd1 $1 $11 {The position is equal.} ({Wrong is} 39. Qb8+ $2 Kh7 $19) 39... Kh7 {Threatens to win with ...Bf6.} 40. Nf2 Bf5 {Hoping for ...Bf6.} 41. Qf4 {[%mdl 64] Double Attack} Rg6 42. Rxg6 Kxg6 43. Nxe4 Bxe4 44. Qxe4+ Qf5 45. Qxf5+ Kxf5 {Whites escaped into a draw. Accuracy: White = 67%, Black = 74%.} 1/2-1/2

[Event "Iceland-ch 2020"]
[Site "Gardabaer"]
[Date "2020.08.29"]
[Round "8.3"]
[White "Jonsson, Gauti Pall"]
[Black "Thorhallsson, Throstur"]
[Result "0-1"]
[WhiteElo "2046"]
[BlackElo "2430"]
[Annotator "TA"]
[PlyCount "140"]
[EventDate "2020.08.22"]
[EventCountry "ISL"]
[SourceTitle "playchess.com"]
[Source "ChessBase"]
[SourceQuality "1"]

{[%evp 21,140,16,30,12,13,-24,-22,-25,-2,-10,-18,-25,-19,-27,-32,-33,-41,-50,-27,-42,-38,-55,-46,-48,-58,-52,-43,-61,-58,-72,-58,-52,-33,-58,-58,-58,-62,-65,-52,-132,-89,-83,0,-149,-104,-136,-104,-116,-113,-114,-104,-199,-201,-241,-197,-189,-172,-167,-141,-141,-70,-141,-141,-158,-141,-141,-141,-163,-165,-182,-161,-213,-214,-197,-153,-153,-160,-160,-167,-223,-168,-247,-221,-339,-281,-386,-394,-413,-386,-436,-433,-681,-667,-738,-737,-716,-724,-736,-862,-826,-814,-769,-607,-704,-535,-479,-456,-749,-730,-832,-793,-1557,-1206,-29964,-29965,-29962,-29959,-29994,-29978,-29978,-29979]} 1. d4 Nf6 2. c4 e6 3. Nc3 d5 4. cxd5 exd5 5. Bg5 c6 6. Qc2 Be7 7. e3 Nbd7 8. Bd3 Nh5 9. Bxe7 Qxe7 10. Nge2 g6 11. O-O O-O 12. Rfe1 {D36: Queen's Gambit Declined: Exchange Variation: Main line (5 Bg5 c6 6 Qc2).} Ndf6 13. Ng3 Nxg3 14. hxg3 {The position is equal.} Be6 {[#]} 15. Rab1 $146 ({Predecessor:} 15. Na4 Rae8 16. Qc5 Nd7 17. Qxe7 Rxe7 18. Rac1 Rc8 19. b4 Nf6 20. Nc5 b6 21. Nxe6 Rxe6 {½-½ (41) Yurasova,D (2193)-Miroshnik,E (2023) Porto Carras 2018}) 15... Kg7 16. f3 h5 17. Kf2 Rae8 18. Qd2 Rh8 19. Rh1 Qd7 20. b4 Bf5 21. Na4 b6 22. Nc3 Re7 23. Qc2 {Threatening Bxf5.} Qe6 24. Rbe1 Bxd3 25. Qxd3 Qd6 26. a3 Rhe8 27. Re2 Re6 28. Nb1 Ng8 29. Nd2 Nh6 30. Nf1 (30. e4 $15) 30... Rf6 31. Rh4 Rfe6 (31... Nf5 $142 32. Rf4 Rfe6) 32. Rh1 $1 $17 R6e7 33. Rh4 Qd7 $36 {[%mdl 2048] White is under strong pressure.} 34. Kg1 Nf5 35. Rh3 Qe6 36. Kf2 {[#]} (36. Qd2 $17 {was necessary.}) 36... Qf6 $1 $19 37. Rd2 Re6 38. Rh1 Qg5 {[%cal Re6e3] And now ...Rxe3 would win.} 39. Re2 Rf6 40. Rh3 Nd6 (40... Rd6 $17 41. g4 hxg4 42. fxg4 Qxg4) 41. Kg1 ({Better is} 41. Nh2 $1 $15) 41... Rfe6 $17 42. Rh1 Qf5 43. Qc3 Nb5 {[%cal Bd6b5,Bb5a3,Ba3c4][%mdl 32]} 44. Qb2 Qd3 45. a4 Na3 46. Kf2 (46. Rd2 {was called for.} Nc4 {[%mdl 64] Double Attack} 47. Rxd3 Nxb2 48. Rc3) 46... Nc4 $19 47. Qc2 Qxc2 48. Rxc2 Nxe3 49. Nxe3 Rxe3 {[%mdl 4096] Endgame KRR-KRR} 50. Rhc1 (50. a5 $142) 50... Rb3 51. Rxc6 (51. a5 {was worth a try.}) 51... Rxb4 52. Rc7 (52. a5 $142) 52... Rxa4 53. R1c2 a5 54. Rb7 Re6 55. Rcc7 Rf6 56. Ke3 (56. Ra7 $142) 56... Ra2 57. f4 Rxg2 58. Kf3 Rb2 59. Rd7 Rb3+ 60. Kg2 {[#]} h4 $1 61. gxh4 Rxf4 62. Rxd5 Rg4+ 63. Kf2 Rxh4 {( -> ...Rh2+)} 64. Rdd7 (64. Rxa5 $142 bxa5 65. Rxb3) 64... Rf4+ 65. Ke2 a4 66. d5 a3 67. d6 a2 {Black mates.} 68. Ra7 Rb2+ 69. Ke1 Rb1+ 70. Ke2 a1=Q {Accuracy: White = 51%, Black = 87%.} 0-1

[Event "Iceland-ch 2020"]
[Site "Gardabaer"]
[Date "2020.08.29"]
[Round "8.4"]
[White "Thorfinnsson, Bjorn"]
[Black "Stefansson, Vignir Vatnar"]
[Result "0-1"]
[WhiteElo "2387"]
[BlackElo "2301"]
[Annotator "ChessBase"]
[PlyCount "94"]
[EventDate "2020.08.22"]
[EventCountry "ISL"]
[SourceTitle "playchess.com"]
[Source "ChessBase"]
[SourceQuality "1"]
[TimeControl "30/5400+30:900+30"]

1. d4 {[%emt 0:02:15]} e6 {[%emt 0:00:00]} 2. c4 {[%emt 0:00:48]} Nf6 {[%emt 0:00:00]} 3. Nc3 {[%emt 0:00:17]} Bb4 {[%emt 0:00:00]} 4. e3 {[%emt 0:00:08]} O-O {[%emt 0:00:15]} 5. Bd3 {[%emt 0:02:21]} d5 {[%emt 0:00:06]} 6. Nge2 {[%emt 0:00:54]} c5 {[%emt 0:00:13]} 7. O-O {[%emt 0:02:06]} cxd4 {[%emt 0:01:50]} 8. exd4 {[%emt 0:04:01]} dxc4 {[%emt 0:05:13]} 9. Bxc4 {[%emt 0:00:18]} Nbd7 {[%emt 0:01:08]} 10. Bg5 {[%emt 0:01:40]} Bd6 {[%emt 0:13:34]} 11. Ng3 {[%emt 0:05:52]} h6 {[%emt 0:01:14]} 12. Be3 {[%emt 0:08:31]} b6 {[%emt 0:00:36]} 13. Be2 {[%emt 0:10:15]} Bb7 {[%emt 0:12:15]} 14. Bf3 {[%emt 0:00:24]} Qb8 {[%emt 0:00:34]} 15. Rc1 {[%emt 0:01:03]} Bxf3 {[%emt 0:01:59]} 16. Qxf3 {[%emt 0:00:07]} b5 {[%emt 0:01:11]} 17. Nce4 {[%emt 0:22:33]} Bxg3 {[%emt 0:05:15]} 18. Nxg3 {[%emt 0:01:03]} Qd6 {[%emt 0:02:15]} 19. Rc6 {[%emt 0:04:34]} Qd5 {[%emt 0:00:28]} 20. Qxd5 {[%emt 0:01:34]} Nxd5 {[%emt 0:00:07]} 21. Ne4 {[%emt 0:00:58]} N7b6 {[%emt 0:00:26]} 22. Nd6 {[%emt 0:00:36]} Nb4 {[%emt 0:00:55]} 23. Rc5 {[%emt 0:01:30]} a6 {[%emt 0:00:22]} 24. a3 {[%emt 0:02:29]} N4d5 {[%emt 0:03:15]} 25. Rc6 {[%emt 0:01:32]} Rfd8 {[%emt 0:02:24]} 26. b3 {[%emt 0:01:10]} Rab8 {[%emt 0:03:54]} 27. Ne4 {[%emt 0:03:03]} a5 {[%emt 0:01:30]} 28. Rc5 {[%emt 0:07:37]} Nd7 {[%emt 0:04:41]} 29. Rc2 {[%emt 0:00:06]} a4 {[%emt 0:01:32]} 30. b4 {[%emt 0:02:40]} N7b6 {[%emt 0:00:58]} 31. Nc5 {[%emt 0:15:45]} Nc4 {[%emt 0:15:07]} 32. Bc1 {[%emt 0:00:35]} Ndb6 {[%emt 0:00:05]} 33. Rd1 {[%emt 0:02:20]} e5 {[%emt 0:01:39]} 34. Kf1 {[%emt 0:00:21]} exd4 {[%emt 0:00:28]} 35. Bb2 {[%emt 0:00:26]} Nxb2 {[%emt 0:01:21]} 36. Rxb2 {[%emt 0:00:06]} Nc4 {[%emt 0:00:05]} 37. Ra2 {[%emt 0:00:19]} Rd6 {[%emt 0:00:52]} 38. Rd3 {[%emt 0:00:10]} f6 {[%emt 0:04:40]} 39. Re2 {[%emt 0:01:17]} Ne5 {[%emt 0:04:58]} 40. Rd1 {[%emt 0:00:00]} Rd5 {[%emt 0:00:00]} 41. Re4 {[%emt 0:00:00]} d3 {[%emt 0:00:00]} 42. f4 {[%emt 0:00:00]} Nc4 {[%emt 0:00:00]} 43. Nxa4 {[%emt 0:00:00]} f5 {[%emt 0:00:00]} 44. Rxc4 {[%emt 0:00:00]} bxc4 {[%emt 0:00:00]} 45. Rd2 {[%emt 0:00:00]} Rd7 {[%emt 0:00:00]} 46. Nc3 {[%emt 0:00:00]} Ra7 {[%emt 0:00:00]} 47. Ra2 {[%emt 0:00:00]} Re8 {[%emt 0:00:00]} 0-1

[Event "Iceland-ch 2020"]
[Site "Gardabaer"]
[Date "2020.08.29"]
[Round "8.5"]
[White "Ragnarsson, Dagur"]
[Black "Kjartansson, Gudmundur"]
[Result "0-1"]
[WhiteElo "2396"]
[BlackElo "2466"]
[Annotator "ChessBase"]
[PlyCount "78"]
[EventDate "2020.08.22"]
[EventCountry "ISL"]
[SourceTitle "playchess.com"]
[Source "ChessBase"]
[SourceQuality "1"]
[TimeControl "30/5400+30:900+30"]

1. d4 {[%emt 0:00:00]} Nf6 {[%emt 0:00:00]} 2. c4 {[%emt 0:00:00]} c5 {[%emt 0:00:00]} 3. d5 {[%emt 0:00:00]} g6 {[%emt 0:00:00]} 4. Nc3 {[%emt 0:00:22]} Bg7 {[%emt 0:00:02]} 5. e4 {[%emt 0:01:12]} d6 {[%emt 0:00:09]} 6. h3 {[%emt 0:02:06]} O-O {[%emt 0:00:11]} 7. Bg5 {[%emt 0:00:04]} e6 {[%emt 0:09:38]} 8. Bd3 {[%emt 0:00:39]} Na6 {[%emt 0:15:14]} 9. Nf3 {[%emt 0:03:14]} h6 {[%emt 0:02:04]} 10. Be3 {[%emt 0:01:08]} Nc7 {[%emt 0:00:36]} 11. a4 {[%emt 0:06:39]} Na6 {[%emt 0:07:17]} 12. O-O {[%emt 0:05:33]} e5 {[%emt 0:02:29]} 13. g4 {[%emt 0:11:50]} Nb4 {[%emt 0:04:25]} 14. Ne1 {[%emt 0:11:05]} Nh7 {[%emt 0:03:17]} 15. Bb1 {[%emt 0:12:13]} h5 {[%emt 0:06:54]} 16. f3 {[%emt 0:00:56]} Bf6 {[%emt 0:02:33]} 17. Ng2 {[%emt 0:04:18]} Bg5 {[%emt 0:01:52]} 18. Qd2 {[%emt 0:03:06]} Kg7 {[%emt 0:03:30]} 19. Kf2 {[%emt 0:02:46]} Rh8 {[%emt 0:04:21]} 20. Rh1 {[%emt 0:07:53]} Bxe3+ {[%emt 0:07:48]} 21. Qxe3 {[%emt 0:00:11]} Ng5 {[%emt 0:00:42]} 22. Bd3 {[%emt 0:00:43]} Qf6 {[%emt 0:02:02]} 23. Ke2 {[%emt 0:09:55]} Qxf3+ {[%emt 0:08:40]} 24. Qxf3 {[%emt 0:00:03]} Nxf3 {[%emt 0:00:04]} 25. Kxf3 {[%emt 0:00:12]} Nxd3 {[%emt 0:00:08]} 26. Nb5 {[%emt 0:03:52]} hxg4+ {[%emt 0:02:33]} 27. hxg4 {[%emt 0:00:04]} Bxg4+ {[%emt 0:00:34]} 28. Kxg4 {[%emt 0:05:17]} Nf2+ {[%emt 0:01:34]} 29. Kf3 {[%emt 0:00:04]} Nxh1 {[%emt 0:00:10]} 30. Nxd6 {[%emt 0:00:03]} Rh3+ {[%emt 0:00:31]} 31. Ke2 {[%emt 0:15:08]} Ng3+ {[%emt 0:18:03]} 32. Kf2 {[%emt 0:00:26]} Rd8 {[%emt 0:00:28]} 33. Nb5 {[%emt 0:00:29]} Nxe4+ {[%emt 0:00:12]} 34. Ke2 {[%emt 0:00:04]} a6 {[%emt 0:00:26]} 35. Na3 {[%emt 0:00:03]} Rb3 {[%emt 0:00:59]} 36. Ne3 {[%emt 0:00:10]} Rh8 {[%emt 0:00:12]} 37. Nac2 {[%emt 0:00:16]} Rh2+ {[%emt 0:00:12]} 38. Kf3 {[%emt 0:00:03]} f5 {[%emt 0:00:13]} 39. d6 {[%emt 0:00:16]} Rf2# {[%emt 0:00:05]} 0-1

[Event "Iceland-ch 2020"]
[Site "Gardabaer"]
[Date "2020.08.30"]
[Round "9.1"]
[White "Kjartansson, Gudmundur"]
[Black "Gretarsson, Hjorvar Steinn"]
[Result "1/2-1/2"]
[WhiteElo "2466"]
[BlackElo "2579"]
[Annotator "ChessBase"]
[PlyCount "155"]
[EventDate "2020.08.22"]
[EventCountry "ISL"]
[SourceTitle "playchess.com"]
[Source "ChessBase"]
[SourceQuality "1"]
[TimeControl "30/5400+30:900+30"]

1. d4 {[%emt 0:00:00]} Nf6 {[%emt 0:00:19]} 2. c4 {[%emt 0:00:00]} e6 {[%emt 0:00:21]} 3. Nf3 {[%emt 0:00:00]} b6 {[%emt 0:00:04]} 4. a3 {[%emt 0:00:19]} Ba6 {[%emt 0:00:07]} 5. Qc2 {[%emt 0:00:37]} Bb7 {[%emt 0:00:34]} 6. Nc3 {[%emt 0:00:22]} c5 {[%emt 0:00:04]} 7. e4 {[%emt 0:00:53]} cxd4 {[%emt 0:00:04]} 8. Nxd4 {[%emt 0:00:04]} Bc5 {[%emt 0:00:03]} 9. Nf3 {[%emt 0:00:40]} Nc6 {[%emt 0:02:43]} 10. b4 {[%emt 0:00:37]} Nd4 {[%emt 0:03:05]} 11. Qd2 {[%emt 0:00:48]} Nxf3+ {[%emt 0:01:19]} 12. gxf3 {[%emt 0:00:05]} Be7 {[%emt 0:00:21]} 13. Bb2 {[%emt 0:01:11]} a5 {[%emt 0:22:39]} 14. Nb5 {[%emt 0:10:09]} Qb8 {[%emt 0:04:41]} 15. Rg1 {[%emt 0:04:23]} g6 {[%emt 0:12:17]} 16. Rg5 {[%emt 0:15:10]} O-O {[%emt 0:07:38]} 17. Be5 {[%emt 0:02:12]} d6 {[%emt 0:02:26]} 18. Nxd6 {[%emt 0:12:50]} Nd7 {[%emt 0:09:30]} 19. Bg3 {[%emt 0:12:38]} e5 {[%emt 0:06:33]} 20. Rd1 {[%emt 0:02:13]} Rd8 {[%emt 0:05:00]} 21. Rg4 {[%emt 0:07:29]} axb4 {[%emt 0:02:09]} 22. axb4 {[%emt 0:01:46]} Nf6 {[%emt 0:02:34]} 23. Bxe5 {[%emt 0:05:20]} Nxg4 {[%emt 0:02:01]} 24. fxg4 {[%emt 0:00:01]} Bxe4 {[%emt 0:03:30]} 25. Qf4 {[%emt 0:07:58]} Bxd6 {[%emt 0:00:56]} 26. Bxd6 {[%emt 0:00:15]} Qb7 {[%emt 0:01:27]} 27. Be2 {[%emt 0:02:15]} Re8 {[%emt 0:01:05]} 28. Be5 {[%emt 0:05:30]} Qe7 {[%emt 0:00:49]} 29. Bf6 {[%emt 0:01:48]} Qxb4+ {[%emt 0:00:09]} 30. Kf1 {[%emt 0:00:07]} Ra2 {[%emt 0:01:37]} 31. Be5 {[%emt 0:20:48]} Qe7 {[%emt 0:15:48]} 32. Bf6 {[%emt 0:00:37]} Qf8 {[%emt 0:01:44]} 33. Bd4 {[%emt 0:01:30]} Qe7 {[%emt 0:00:36]} 34. Bf6 {[%emt 0:00:07]} Bg2+ {[%emt 0:00:41]} 35. Kxg2 {[%emt 0:00:18]} Qxe2 {[%emt 0:00:07]} 36. Rd6 {[%emt 0:01:20]} Rc2 {[%emt 0:03:11]} 37. h3 {[%emt 0:00:28]} h5 {[%emt 0:02:52]} 38. Rxb6 {[%emt 0:00:38]} hxg4 {[%emt 0:00:47]} 39. hxg4 {[%emt 0:00:20]} Qxc4 {[%emt 0:00:41]} 40. Qxc4 {[%emt 0:00:00]} Rxc4 {[%emt 0:00:00]} 41. Rb1 {[%emt 0:00:00]} Rf4 {[%emt 0:00:00]} 42. g5 {[%emt 0:00:00]} Rh4 {[%emt 0:00:00]} 43. Kg3 {[%emt 0:00:00]} Rh7 {[%emt 0:00:00]} 44. Rd1 {[%emt 0:00:00]} Kf8 {[%emt 0:00:00]} 45. Rc1 {[%emt 0:00:00]} Ra8 {[%emt 0:00:00]} 46. Re1 {[%emt 0:00:00]} Rc8 {[%emt 0:00:00]} 47. Ra1 {[%emt 0:00:00]} Ke8 {[%emt 0:00:00]} 48. Rd1 {[%emt 0:00:00]} Ra8 {[%emt 0:00:00]} 49. f4 {[%emt 0:00:00]} Rh5 {[%emt 0:00:00]} 50. Kg2 {[%emt 0:00:00]} Kf8 {[%emt 0:00:00]} 51. Kg3 {[%emt 0:00:00]} Kg8 {[%emt 0:00:00]} 52. Kg2 {[%emt 0:00:00]} Rf8 {[%emt 0:00:00]} 53. Kg3 {[%emt 0:00:00]} Kh7 {[%emt 0:00:00]} 54. Kg2 {[%emt 0:00:00]} Ra8 {[%emt 0:00:00]} 55. Rd7 {[%emt 0:00:00]} Kg8 {[%emt 0:00:00]} 56. Rd1 {[%emt 0:00:03]} Re8 {[%emt 0:00:00]} 57. Kg3 {[%emt 0:00:23]} Kf8 {[%emt 0:00:00]} 58. Kg2 {[%emt 0:00:55]} Re2+ {[%emt 0:00:00]} 59. Kf3 {[%emt 0:02:58]} Re8 {[%emt 0:00:00]} 60. Kg2 {[%emt 0:00:17]} Rh7 {[%emt 0:00:00]} 61. Kg3 {[%emt 0:00:26]} Re3+ {[%emt 0:00:00]} 62. Kf2 {[%emt 0:00:40]} Re6 {[%emt 0:00:00]} 63. Kg3 {[%emt 0:00:25]} Re8 {[%emt 0:00:00]} 64. Kg2 {[%emt 0:00:21]} Kg8 {[%emt 0:00:00]} 65. Kg3 {[%emt 0:00:22]} Ra8 {[%emt 0:00:00]} 66. Kg2 {[%emt 0:00:28]} Rh5 {[%emt 0:01:30]} 67. Kg3 {[%emt 0:00:33]} Kh7 {[%emt 0:00:10]} 68. Rd7 {[%emt 0:00:29]} Rf8 {[%emt 0:00:22]} 69. Rd1 {[%emt 0:00:08]} Rb8 {[%emt 0:04:08]} 70. Rd7 {[%emt 0:00:19]} Kg8 {[%emt 0:00:11]} 71. Rd1 {[%emt 0:00:06]} Ra8 {[%emt 0:01:43]} 72. Kg2 {[%emt 0:00:30]} Re8 {[%emt 0:04:51]} 73. Kg3 {[%emt 0:00:30]} Kf8 {[%emt 0:00:03]} 74. Kg2 {[%emt 0:00:24]} Re2+ {[%emt 0:00:23]} 75. Kf3 {[%emt 0:00:36]} Rhh2 {[%emt 0:00:02]} 76. Rd8+ {[%emt 0:00:19]} Re8 {[%emt 0:00:02]} 77. Bg7+ {[%emt 0:00:12]} Ke7 {[%emt 0:00:04]} 78. Bf6+ {[%emt 0:00:04]} 1/2-1/2

[Event "Iceland-ch 2020"]
[Site "Gardabaer"]
[Date "2020.08.30"]
[Round "9.2"]
[White "Stefansson, Vignir Vatnar"]
[Black "Ragnarsson, Dagur"]
[Result "1/2-1/2"]
[WhiteElo "2301"]
[BlackElo "2396"]
[Annotator "TA"]
[PlyCount "18"]
[EventDate "2020.08.22"]
[EventCountry "ISL"]
[SourceTitle "playchess.com"]
[Source "ChessBase"]
[SourceQuality "1"]

{[%evp 17,18,0,11]} 1. d4 Nf6 2. c4 g6 3. Nc3 d5 4. cxd5 Nxd5 5. Na4 Nf6 {[#]} 6. Nc3 $146 ({Predecessor:} 6. Nf3 Bg7 7. Bf4 O-O 8. e3 Bg4 9. Be2 Nbd7 10. O-O c6 11. h3 Bxf3 12. Bxf3 Re8 13. Qb3 Qc8 14. d5 e5 15. dxc6 bxc6 16. Bh2 {1-0 (39) Xiong,J (2679)-Wei,Y (2736) chess.com INT 2019}) 6... Nd5 7. Na4 Nf6 8. Nc3 Nd5 9. Na4 {9.Nf3 is the recent fashion. Played by Maxime Vachier Lagrave in August 2020.} Nf6 1/2-1/2

[Event "Iceland-ch 2020"]
[Site "Gardabaer"]
[Date "2020.08.30"]
[Round "9.3"]
[White "Thorhallsson, Throstur"]
[Black "Thorfinnsson, Bjorn"]
[Result "1/2-1/2"]
[WhiteElo "2430"]
[BlackElo "2387"]
[Annotator "ChessBase"]
[PlyCount "120"]
[EventDate "2020.08.22"]
[EventCountry "ISL"]
[SourceTitle "playchess.com"]
[Source "ChessBase"]
[SourceQuality "1"]
[TimeControl "30/5400+30:900+30"]

1. d4 {[%emt 0:04:11]} Nf6 {[%emt 0:01:43]} 2. Nf3 {[%emt 0:00:36]} b6 {[%emt 0:00:48]} 3. g3 {[%emt 0:01:32]} Bb7 {[%emt 0:01:02]} 4. Bg2 {[%emt 0:00:07]} c5 {[%emt 0:00:15]} 5. e3 {[%emt 0:05:00]} g6 {[%emt 0:01:01]} 6. c4 {[%emt 0:00:16]} cxd4 {[%emt 0:03:57]} 7. exd4 {[%emt 0:00:40]} d5 {[%emt 0:00:29]} 8. Ne5 {[%emt 0:03:20]} Qc8 {[%emt 0:04:46]} 9. O-O {[%emt 0:23:35]} dxc4 {[%emt 0:09:47]} 10. Qa4+ {[%emt 0:01:06]} Nfd7 {[%emt 0:03:12]} 11. Bxb7 {[%emt 0:04:15]} Qxb7 {[%emt 0:00:11]} 12. Qxc4 {[%emt 0:00:09]} e6 {[%emt 0:03:58]} 13. Re1 {[%emt 0:10:32]} Nxe5 {[%emt 0:13:49]} 14. dxe5 {[%emt 0:00:20]} b5 {[%emt 0:04:22]} 15. Qh4 {[%emt 0:01:04]} Be7 {[%emt 0:02:05]} 16. Bg5 {[%emt 0:06:08]} Nc6 {[%emt 0:01:01]} 17. Bxe7 {[%emt 0:06:25]} Qxe7 {[%emt 0:03:46]} 18. Qe4 {[%emt 0:02:17]} Rc8 {[%emt 0:00:06]} 19. Na3 {[%emt 0:02:29]} a6 {[%emt 0:26:45]} 20. Rac1 {[%emt 0:00:40]} Na7 {[%emt 0:00:50]} 21. Rxc8+ {[%emt 0:01:47]} Nxc8 {[%emt 0:00:05]} 22. Qc6+ {[%emt 0:02:34]} Qd7 {[%emt 0:00:07]} 23. Qxa6 {[%emt 0:01:08]} b4 {[%emt 0:00:11]} 24. Nc2 {[%emt 0:03:59]} O-O {[%emt 0:05:40]} 25. Qc4 {[%emt 0:03:10]} Qd2 {[%emt 0:01:03]} 26. Re2 {[%emt 0:04:01]} Qd1+ {[%emt 0:00:41]} 27. Re1 {[%emt 0:03:21]} Qd2 {[%emt 0:00:04]} 28. Qe2 {[%emt 0:00:21]} Rd8 {[%emt 0:00:06]} 29. Qxd2 {[%emt 0:01:43]} Rxd2 {[%emt 0:00:21]} 30. Rc1 {[%emt 0:00:24]} Nb6 {[%emt 0:02:01]} 31. b3 {[%emt 0:17:11]} Nd5 {[%emt 0:21:11]} 32. Kf1 {[%emt 0:00:13]} g5 {[%emt 0:00:59]} 33. Ke1 {[%emt 0:00:33]} Rd3 {[%emt 0:00:05]} 34. Ke2 {[%emt 0:02:00]} Rc3 {[%emt 0:00:03]} 35. Kd2 {[%emt 0:01:22]} Rc5 {[%emt 0:00:43]} 36. a3 {[%emt 0:02:45]} bxa3 {[%emt 0:00:08]} 37. Nxa3 {[%emt 0:00:02]} Ra5 {[%emt 0:00:06]} 38. Nc4 {[%emt 0:00:21]} Ra2+ {[%emt 0:00:38]} 39. Rc2 {[%emt 0:00:08]} Ra1 {[%emt 0:00:02]} 40. Ne3 {[%emt 0:00:00]} Ne7 {[%emt 0:00:00]} 41. Rc7 {[%emt 0:00:00]} Kf8 {[%emt 0:00:00]} 42. Rb7 {[%emt 0:00:00]} Ra2+ {[%emt 0:00:00]} 43. Ke1 {[%emt 0:00:00]} Nc6 {[%emt 0:00:00]} 44. Nc4 {[%emt 0:00:00]} g4 {[%emt 0:00:00]} 45. Rd7 {[%emt 0:00:00]} Nb4 {[%emt 0:00:00]} 46. Kf1 {[%emt 0:00:00]} Ra1+ {[%emt 0:00:00]} 47. Ke2 {[%emt 0:00:00]} Ra2+ {[%emt 0:00:00]} 48. Rd2 {[%emt 0:00:00]} Ra1 {[%emt 0:00:00]} 49. Rd1 {[%emt 0:03:15]} Ra2+ {[%emt 0:00:00]} 50. Kf1 {[%emt 0:00:40]} Nd5 {[%emt 0:00:00]} 51. Rd2 {[%emt 0:01:03]} Ra1+ {[%emt 0:00:00]} 52. Kg2 {[%emt 0:00:01]} Rb1 {[%emt 0:00:00]} 53. Rd3 {[%emt 0:01:25]} h5 {[%emt 0:00:00]} 54. h3 {[%emt 0:01:21]} Nb4 {[%emt 0:00:00]} 55. Rd8+ {[%emt 0:01:02]} Ke7 {[%emt 0:00:00]} 56. Rh8 {[%emt 0:00:02]} Nd3 {[%emt 0:00:00]} 57. Rxh5 {[%emt 0:00:15]} gxh3+ {[%emt 0:02:26]} 58. Rxh3 {[%emt 0:01:57]} Ne1+ {[%emt 0:00:09]} 59. Kf1 {[%emt 0:00:06]} Nf3+ {[%emt 0:00:04]} 60. Kg2 {[%emt 0:00:03]} Ne1+ {[%emt 0:00:04]} 1/2-1/2